02042nam a22001697a 4500999001900000008004100019100002900060245009200089260003000181300003300211520132500244650013501569773002901704906002501733942000701758952010701765 c517090d517090210630b ||||| |||| 00| 0 eng d aKowalewska, Helen926100 aBringing Women on Board: The Social Policy Implications of Gender Diversity in Top Jobs aJournal of Social Policy  a49(4), Oct, 2020: p.744-762 aThis paper argues that analyses of the gendered character of welfare states should be broadened to include women’s share of board and executive roles, as well as the affirmative-action policies (e.g. gender boardroom quotas) that help to overcome the gender stereotypes (e.g. women are ‘nice’, men are ‘assertive’) and opaque selection procedures at the root of this. Such indicators may seem beyond the remit of social policy analysis, which is concerned foremost with the analysis of ‘social risk’. However, drawing on evidence from across multiple disciplines, this paper argues that achieving a ‘critical mass’ of women in board and executive positions can bring women’s issues onto companies’ agendas and lead to the adoption of female-friendly practices, policies, and cultures at the firm level. Crucially, these practices, policies, and cultures can help to reduce the incidence of gendered social risks (employment/care conflicts, economic dependence on a partner) and sexual harassment among women at lower levels of the labour market. Thus, the paper highlights another dimension to the social-regulatory function of welfare states which has to date been overlooked, namely legislative requirements on companies to achieve gender diversity in their leadership structures. – Reproduced  aOccupational welfare, Body rights, Discrimination, Sexual harassment, The regulatory welfare state, women as change agents 924364 aJournal of Social Policy aOCCUPATIONAL WELFARE cAR 00102ddc40709391155aIIPAbIIPAd2021-06-30h49(4), Oct, 2020: p.744-762pAR124542r2021-06-30yAR